Clic A quel pays actuel correspond cette ancienne appelation ? (4) - Statistiques

Statistiques générales
  • Ce quiz a été pris 46 fois
  • Le résultat moyen est 9 sur 25
Statistiques - réponses
Hint Réponse % Correct
République de Zanzibar Tanzanie
83%
Principauté de Neuchâtel Suisse
70%
Royaume de Bohême Tchéquie
70%
Royaume de Sussex Royaume-Uni
63%
Royaume de Soissons France
60%
Royaume de Dalmatie Croatie
53%
République de Formose Taïwan
50%
Protectorat du Bechuanaland Botswana
40%
Khanat de Boukhara Ouzbékistan
40%
Condominium des Nouvelles-Hébrides Vanuatu
40%
Royaume de Saba Yémen
37%
Confédération d'Huronie Canada
33%
République d'Ezo Japon
33%
Duché de Bouillon Belgique
30%
République des Moluques du Sud Indonésie
30%
République Parthénopéeenne Italie
27%
Etat de Tamil Eelam Sri Lanka
27%
Royaume d'Isin Irak
23%
Royaume du Kanem-Bornou Tchad
23%
Sultanat de Mohéli Comores
17%
Royaume du Ouaddaï Tchad
13%
Royaume du Baguirmi Tchad
10%
Empire Huari Pérou
7%
République des Escartons France
3%
Royaume de Tajin Mexique
0%
Aucun quiz correspondant
Distribution des résultats
% des personnes avec chaque résultat
Percentile par nombre de réponses
Votre historique - résultats
Vous n’avez pas pris ce quiz